Revista AGA Año 7 N§ 50 /
Guardado en:
| Formato: | Libro |
|---|---|
| Idioma: | Spanish |
| Publicado: |
Bahía Blanca :
AGA,
2008
|
| Etiquetas: |
Agregar Etiqueta
Sin Etiquetas, Sea el primero en etiquetar este registro!
|
| LEADER | 00362nam a22001215a 4500 | ||
|---|---|---|---|
| 001 | DER.der006158 | ||
| 005 | 20080515000000.0 | ||
| 008 | 180615s2008####||||||||||||||||||||spa|| | ||
| 020 | |a 1851-099X | ||
| 245 | 1 | 0 | |a Revista AGA Año 7 N§ 50 / |c Asociación de Ganaderos y Agricultores |
| 260 | |a Bahía Blanca : |b AGA, |c 2008 | ||
| 300 | 0 | |a 76 p. . | |
| 859 | |a DERECHO |b BIB. DERECHO |p 005604 | ||
